00733cam a2200229Mi 45000010006000000050017000060080041000230350024000640400018000880200015001060200018001210350021001392450111001602500011002712600037002823000021003196530013003406530031003536530028003846530053004127000038004655060320230411090004.0070727s2007 sp 000 0 spa d a(OCoLC)ocn159605665 aPL#bspacPL# a8497451651 a9788497451659 a(OCoLC)15960566500aDebates electorales televisados :bel caso de Madrid, 2003 /cJose Luis Arceo Vacas (coord.) ... [et al.]. a1. ed. aLa Coruña :bNetbiblo,cc2007. a205 p. ;c21 cm. aDebates. aTelevisión y política. aCampañas electorales. aMadrid (Comunidad autónoma)aElecciones, 2003.1 aArceo Vacas, José Luis,ecoord.